Partidos pequeños y grandotes en disputa: por reparto del pastel electoral /

Kaydedildi:
Detaylı Bibliyografya
Yazar: García Castillo, Carlos
Materyal Türü: Metin
Etiketler: Etiketle
Etiket eklenmemiş, İlk siz ekleyin!

MARC

LEADER 00000 a a2200000 04500
001 45998
003
040 |a CRAI/IIS  |c CRAI/IIS 
100 |a García Castillo, Carlos  
245 |a Partidos pequeños y grandotes en disputa:   |b por reparto del pastel electoral /  |c Carlos García Castillo  
773 |g volumen16, número398 (1996), páginas 6-7  
999 |c 18538  |d 18538